000 00559 a2200193 4500
005 20240509131126.0
010 _aB-758879
020 _a0195630300
_c0.00
035 _aB-758879
037 _bGift/Unesco
082 _a330
245 _aThemes in Development Economics/
_cEdited by- S. Subramanian
260 _aNew Yourk
_bOxford
_c1992
270 _aNew Yourk
300 _aix, 358 p.;
_c23cm (Hb)
700 _aSubramanian, S.
_966032
942 _adpl
_cEN
_2ddc
_h330
_mTHE
999 _c202776
_d202776